000 00284 a2200109 4500
001 51242
040 _cAnchieta - Pituba
240 1 0 _aFestival Artístico de Redação 2014
_l
245 1 0 _aFestival Artístico de Redação 2014
650 4 _aLínguas espanhola e portuguesa
942 _cMX
999 _c51242
_d51242